Подробности
| 000 -МАРКЕР |
| контрольное поле |
02266nam2a2200349 4500 |
| 001 - ИДЕНТИФИКАТОР ЗАПИСИ |
| контрольное поле |
RU\NLR\BIBL_A\022498875 |
| 005 - ИДЕНТИФИКАТОР ВЕРСИИ |
| контрольное поле |
20260408212219.0 |
| 010 ## - МЕЖДУНАРОДНЫЙ СТАНДАРТНЫЙ НОМЕР КНИГИ (ISBN) |
| Номер (ISBN) |
978-5-98287-217-3 |
| 035 ## - ДРУГИЕ СИСТЕМНЫЕ НОМЕРА |
| Идентификатор записи |
(NLR Aleph) 022498875 |
| 100 ## - ДАННЫЕ ОБЩЕЙ ОБРАБОТКИ |
| Данные общей обработки |
20250321d2024 |||y0rusy50 ca |
| 101 0# - ЯЗЫК РЕСУРСА |
| Язык текста, звукозаписи и т.д. |
русский |
| -- |
английский |
| 102 ## - СТРАНА ПУБЛИКАЦИИ ИЛИ ПРОИЗВОДСТВА |
| Страна публикации |
российская федерация |
| 105 ## - ПОЛЕ КОДИРОВАННЫХ ДАННЫХ: ТЕКСТОВЫЕ МАТЕРИАЛЫ, МОНОГРАФИЧЕСКИЕ |
| Кодированные данные о монографическом текстовом документе |
ach z 101yy |
| 200 1# - ЗАГЛАВИЕ И СВЕДЕНИЯ ОБ ОТВЕТСТВЕННОСТИ |
| Основное заглавие |
Libro Manuscripto Inspirata: памяти Инны Павловны Мокрецовой (1935-2020) |
| Параллельное заглавие |
Libro Manuscripto Inspirata: in memoriam of Inna P. Mokretsova (1935-2020) |
| Сведения, относящиеся к заглавию |
сборник статей по материалам международной научной конференции (Москва, ГОСНИИР, 19-20 ноября 2021 г.) |
| Язык параллельного заглавия |
английский |
| 210 ## - ПУБЛИКАЦИЯ, РАСПРОСТРАНЕНИЕ И ДР. |
| Дата издания, распространения и т.д. |
2024 |
| 215 ## - ФИЗИЧЕСКАЯ ХАРАКТЕРИСТИКА |
| Специфическое обозначение материала и объем |
222, [1] с. |
| Другие сведения о физической характеристике |
ил., цв. ил., портр., факс., табл. |
| 300 ## - ОБЩИЕ ПРИМЕЧАНИЯ |
| Текст примечания |
Часть текста на англ. яз. |
| 320 ## - ПРИМЕЧАНИЯ О НАЛИЧИИ В ДОКУМЕНТЕ БИБЛИОГРАФИИ / УКАЗАТЕЛЯ |
| Текст примечания |
Библиогр. в примеч. в конце ст. |
| 320 ## - ПРИМЕЧАНИЯ О НАЛИЧИИ В ДОКУМЕНТЕ БИБЛИОГРАФИИ / УКАЗАТЕЛЯ |
| Текст примечания |
Указ. упоминаемых рукоп. и редких книг: с. 214-219 |
| 461 #0 - УРОВЕНЬ НАБОРА |
| Встроенное поле |
001RU\NLR\BIBL_A\022541850 |
| -- |
2001#$aДревне-русское искусство$dOld Russian art$iИскусство рукописной книги$f[Министерство культуры Российской Федерации, Государственный институт искусствознания]$gредактор-составитель: Э. Н. Добрынина$zeng$vСб. 5 |
| 510 1# - ПАРАЛЛЕЛЬНОЕ ЗАГЛАВИЕ |
| Параллельное заглавие |
Libro Manuscripto Inspirata: In memoriam of Inna P. Mokretsova (1935-2020) |
| Язык заглавия |
английский |
| 600 #1 - ИМЯ ЛИЦА КАК ПРЕДМЕТ |
| Начальный элемент ввода |
Мокрецова |
| Часть имени, кроме начального элемента ввода |
И. П. |
| Расширение инициалов личного имени |
Инна Павловна |
| Даты |
1935 - 2020 |
| Идентификатор авторитетной/нормативной записи |
RU\NLR\AUTH\6601652137 |
| Системный номер авторитетной/нормативной записи |
2403528 |
| 686 1# - ИНДЕКСЫ ДРУГИХ КЛАССИФИКАЦИЙ |
| Индекс |
Щ10г(2Р)7дМокрецова |
| 702 #1 - ИМЯ ЛИЦА - ВТОРИЧНАЯ ОТВЕТСТВЕННОСТЬ |
| Код отношения |
Объект посвящения |
| Графика поля |
Кириллица |
| Материалы, к которым относится поле |
rus |
| Начальный элемент ввода |
Мокрецова |
| Часть имени, кроме начального элемента ввода |
И. П. |
| Даты |
1935-2020 |
| Расширение инициалов личного имени |
Инна Павловна |
| Идентификатор авторитетной/нормативной записи |
RU\NLR\AUTH\770175026 |
| Системный номер авторитетной/нормативной записи |
174975 |
| 711 12 - НАИМЕНОВАНИЕ ОРГАНИЗАЦИИ - АЛЬТЕРНАТИВНАЯ ОТВЕТСТВЕННОСТЬ |
| Начальный элемент ввода |
"Libro manuscripto inspirata: памяти Инны Павловны Мокрецовой (1935-2020)", международная научная конференция |
| Дата проведения временной организации |
2021 |
| Место проведения временной организации |
Москва |
| Графика поля |
Кириллица |
| -- |
Латинская |
| Идентификатор авторитетной/нормативной записи |
RU\NLR\AUTH\880626879 |
| Системный номер авторитетной/нормативной записи |
2659247 |
| 942 ## - ДОПОЛНИТЕЛЬНЫЕ ЭЛЕМЕНТЫ ЗАПИСИ (АБИС) |
| Тип экземпляра АБИС |
Книга |
| 980 ## - КОЛЛЕКЦИЯ |
| Название коллекции |
Национальная библиография |